Statistiques concernant Phases finales de Pro D2 2021-2022.

Cliquez ici pour prendre le quiz!

Statistiques générales

  • Ce quiz a été pris 35 fois
  • Le résultat moyen est 5 sur 6

Statistiques - réponses

Équipes% Correct
Aviron bayonnais
97%
US Oyonnax
90%
Stade montois
90%
USON Nevers
86%
US Colomiers
79%
US Carcassonne
55%

Distribution des résultats

Percentile par nombre de réponses

% des personnes avec chaque résultat

Votre développement - résultats

Vous n’avez pas pris ce quiz